000 00601nam a2200205Ii 4500
001 4805
003 CO-ViMGA
008 241108s9999||||xx |||||||||||||| ||und||
040 _aCO-ViMGA
_bspa
_erda
_cCO-ViMGA
041 0 _aunk
082 0 4 _a636.9-C352e
100 1 _aMario Castaño Quintero
_956207
245 1 0 _aExplotación del curi o cuy
264 1 _a[Lugar de publicación no identificado] : ICA, 1973
300 _avolumen
336 _atext
_btxt
_2rdacontent
337 _aunmediated
_bn
_2rdamedia
338 _avolume
_bnc
_2rdacarrier
940 _aidficha_siabuc: 4681. -- ficha_no_siabuc:4805
999 _c54037
_d54037